000 00672nam a2200253Ia 4500
003 OSt
005 20221005130711.0
006 a|||||r|||| 00| 0
007 ta
008 221004b |||||||| |||| 00| 0 urd d
020 _c250
024 _a8239
037 _bGift, 24/12/2013,
_cTextual
040 _aCRL
_cCRL
_burd
041 _2urd
_aurd
082 _aO168,1N40x, Q0
100 _aQuadri Naz
_9638518
245 0 _aSahra mein ek boond
_b A collection of ghazals
260 _c2010
300 _a176p.
_ccm.
650 _aURDU POETRY
942 _hO168,1N40x, Q0
_cTEXL
_2cc
999 _c1058108
_d1058108